Facultad de Derecho – Universidad Nacional de Mar del Plata

Los Conflictos en los Derechos Reales de Garantia: (Record no. 5349)

MARC details
000 -CABECERA
campo de control de longitud fija 00755nam a22001577a 4500
020 ## - NUMERO INTERNACIONAL NORMALIZADO PARA LIBROS (ISBN)
International Standard Book Number 9789878055589
080 ## - NUMERO DE CLASIFICACION DECIMAL UNIVERSAL (CDU)
Número de la Clasificación Decimal Universal 347.27 G 879
100 ## - ASIENTO PRINCIPAL--NOMBRE PERSONAL
Nombre personal Grilli Antonio M.
245 ## - MENCION DE TITULO
Título propiamente dicho Los Conflictos en los Derechos Reales de Garantia:
Parte restante del título los derechos reales de garantia bajo el prisma del conflicto bifocal y el metodo del caso
260 ## - PUBLICACION, DISTRIBUCION, ETC. (PIE DE IMPRENTA)
Lugar de publicación, distribución, etc. Buenos Aires:
Nombre del editor, distribuidor, etc. Hammurabi,
Fecha de publicación, distribución, etc. 2023
300 ## - DESCRIPCION FISICA
Extensión 220 P.
Otros detalles físicos 23 X 16 Cm.
490 ## - MENCION DE SERIE
Mención de serie Conflictos de derechos reales
Designación numérica/secuencial del volumen 1
650 ## - ASIENTO SECUNDARIO DE MATERIA - TERMINO TEMATICO
Subdivisión general derechos reales
-- derechos reales de garantia
-- conflictos
-- instrumentos publicos
-- escrituras publicas
-- actas notariales
-- hipoteca
-- anticresis
-- derecho de retener la cosa
-- derecho de devolver la cosa
-- prenda
-- prenda con registro
-- casos
-- jurisprudencia
945 ## - INFORMACION DE PROCESAMIENTO LOCAL
Responsable de carga/modificación Celeste Delía
AAAA-MM-DD - Fecha de ingreso/modificación 2023-11-15
942 ## - ELEMENTOS AGREGADOS (KOHA)
Clasificación normalizada de Koha para alfabetizar _
Holdings
Retirado Perdido Fuente de clasificación Dañado No se presta Ubicación permanente Locación actual Estante o sala Fecha de adquisición Total préstamos Signatura topográfica Inventario Ultima fecha vista Fecha del precio Tipo de item de Koha
          Bib. Derecho Bib. Derecho Sala de Lectura 15/11/2023   347.27 G 879 204044 15/11/2023 15/11/2023 LIBRO (Consulta)

XHTML | CSS | ©Biblioteca Central - Dto. Tecnología de la Información - [ Con tecnología Koha ]